LDR 00978naa#a2200229#i#450# 001 EN\\bibl\119797 005 20260427115839.1 011 ## _a0235-2524 100 ## _a20260407b2026####ek#y0engy0150####ca 102 ## _aRU 200 1# _aRegulation of meliorative regimes using numerical modelling of drainage water outflow _eJournal article 210 1# _aMoscow _cANO Editorial Board Melioration and water management _d2026 215 ## _a4 с. 606 ## _aСельское хозяйство. 35.06.01 _2local 608 ## _aJournal article _2local 675 ## _aОсушение. Дренаж. 631.62 _z 686 ## _aЕстественнонаучные и технические основы сельского хозяйства. 40 _2bbk 686 ## _aОбщие вопросы. 5640 _2tbk 686 ## _aСельскохозяйственная мелиорация. 68.31 _2grnti 700 #1 _aRyabcev _gPavel Vasil'evich 700 #1 _aKolesnichenko _gKristina Vadimovna 856 4# _amivh.editorum.ru _u